Science Quiz

Random Science or Animal Quiz

One Subcategory in 15 Categories - Animal Quiz Stats

 Plays Quiz Updated Feb 25, 2019

Score 0/15 Timer 05:00
10 Plays Today
Question Answer Wrong Answers
ENTERTAINMENT: Which cartoon animal has friends (or foes) named Arlene, Nermal, and Odie? Garfield
82%
Yogi Bear
5.9%
Snoopy
3.5%
Hobbes
4.9%
GAMING: In the game Angry Birds, what other animals are the birds pitted against? Pigs
79.5%
Cows
4.5%
Foxes
7.2%
Rats
5.3%
MOVIES: Which one of the four main characters of the animated film Madagascar is female? The Hippo
75%
The Lion
2.6%
The Zebra
8.7%
The Giraffe
12.7%
HISTORY: Which animals are associated with Hannibal's crossing of the Alps? Elephants
74.6%
Camels
9.6%
Donkeys
10.5%
Tigers
2.7%
TELEVISION: The lead family of which TV show owns a pet dog named Santa's Little Helper? The Simpsons
74.6%
The Middle
6.7%
Married... with Children
8.5%
King of the Hill
8.5%
SCIENCE: Which of these is a mammal? Manatee
73.2%
Whale shark
16.3%
Nile crocodile
2.1%
Cassowary
5.1%
SPORTS: Which of these cities is not the home of a Big Four team with a bird mascot? New York
73.2%
Atlanta
5.5%
Anaheim
17%
Baltimore
4.2%
MISCELLANEOUS: Which animal is in the logo of Bacardi? Bat
66.5%
Toucan
14%
Lemur
5.6%
Alligator
11.6%
HOLIDAY: Which of these animals is not one of the twelve Chinese zodiac signs? Donkey
64.6%
Rooster
5.6%
Goat
21.2%
Ox
4.6%
JUST FOR FUN: Which of these is the odd one out?
(Think dogs.)
French
61.1%
Jack Russell
11.8%
Yorkshire
5.7%
Boston
19.6%
LITERATURE: Which of these characters from George Orwell's Animal Farm is not a pig? Boxer
52.9%
Napoleon
9.2%
Squealer
10.9%
Snowball
24.1%
GEOGRAPHY: Which of these animals is endemic to Africa? Aardvark
52.3%
Orangutan
16.6%
Tiger
14.2%
Emu
16.5%
MUSIC: Which of these animals is not mentioned in the title of a Beatles song? Lion
51.7%
Raccoon
32.7%
Blackbird
5.9%
Walrus
8.9%
RELIGION: Which of these animals is considered kosher according to the Jewish faith? Sheep
50.4%
Hare
19.5%
Pig
19.1%
Camel
7%
LANGUAGE: What is the literal English translation of the German word dachshund? Badger dog
35.6%
Short dog
41.4%
Hunter dog
15.8%
Forest dog
4.2%

You're not logged in!

Compare scores with friends on all Sporcle quizzes.
OR
Log In

Sporcle TV

Today on Sporcle TV


Watch our educational content, quiz creation guides, and fun videos on Sporcle TV.

Show Comments

Extras

Top Quizzes Today


Score Distribution

Your Account Isn't Verified!

In order to create a playlist on Sporcle, you need to verify the email address you used during registration. Go to your Sporcle Settings to finish the process.

Report this User

Report this user for behavior that violates our Community Guidelines.

Details: